[Event "Test Tournament"]
[Site "Emanuel Lasker Arena"]
[Date "2024.04.09"]
[Round "1"]
[White "Swindler"]
[Black "Josha Matin"]
[Result "0-1"]
[WhiteElo "2226"]
[BlackElo "2219"]
[Annotator "RC"]
[PlyCount "98"]
[EventDate "2024.04.09"]
[EventType "swiss (blitz)"]

1. e4 {[%emt 0:00:01]} e5 {[%emt 0:00:01]} 2. Nf3 {[%emt 0:00:01]} Nc6 {[%emt 0:00:01]} 3. Bb5 {[%emt 0:00:01]} a6 {[%emt 0:00:01]} 4. Ba4 {[%emt 0:00:01]} d6 {[%emt 0:00:01]} 5. c3 {[%emt 0:00:01]} Bd7 {[%emt 0:00:01]} 6. O-O {[%emt 0:00:01]} Nge7 {[%emt 0:00:01]} 7. d4 {[%emt 0:00:01]} Ng6 {[%emt 0:00:01]} 8. Be3 {[%emt 0:00:04]} Be7 {[%emt 0:00:01]} 9. Re1 {[%emt 0:00:01]} Na5 {[%emt 0:00:01]} 10. Nbd2 {[%emt 0:00:01]} O-O {[%emt 0:00:04]} 11. b4 {[%emt 0:00:04]} b5 {[%emt 0:00:04]} 12. Bc2 {[%emt 0:00:03]} Nc4 {[%emt 0:00:04]} 13. Nf1 {[%emt 0:00:03]} f5 {[%emt 0:00:03]} 14. exf5 {[%emt 0:00:03]} Bxf5 {[%emt 0:00:01]} 15. dxe5 {[%emt 0:00:01]} dxe5 {[%emt 0:00:01]} 16. Bb3 {[%emt 0:00:03]} Qd3 {[%emt 0:00:03]} 17. Ng3 {[%emt 0:00:02]} Kh8 {[%emt 0:00:03]} 18. a4 {[%emt 0:00:02]} Rad8 {[%emt 0:00:03]} 19. axb5 {[%emt 0:00:01]} Qxc3 {[%emt 0:00:01]} 20. Rc1 {[%emt 0:00:02]} Rxd1 {[%emt 0:00:01]} 21. Rxc3 {[%emt 0:00:01]} Nxe3 {[%emt 0:00:01]} 22. Bxd1 {[%emt 0:00:01]} Nxd1 {[%emt 0:00:03]} 23. Rxd1 {[%emt 0:00:00]} Bxb4 {[%emt 0:00:01]} 24. Rc4 {[%emt 0:00:01]} Bd6 {[%emt 0:00:03]} 25. bxa6 {[%emt 0:00:01]} Be6 {[%emt 0:00:02]} 26. Rc6 {[%emt 0:00:02]} Bd7 {[%emt 0:00:02]} 27. Rc4 {[%emt 0:00:02]} Bb5 {[%emt 0:00:02]} 28. Rg4 {[%emt 0:00:03]} Bxa6 {[%emt 0:00:01]} 29. h4 {[%emt 0:00:01]} Kg8 {[%emt 0:00:01]} 30. h5 {[%emt 0:00:02]} Nf4 {[%emt 0:00:02]} 31. Ne4 {[%emt 0:00:01]} Bd3 {[%emt 0:00:01]} 32. Rxf4 {[%emt 0:00:01]} Rxf4 {[%emt 0:00:01]} 33. Nxd6 {[%emt 0:00:00]} cxd6 {[%emt 0:00:00]} 34. Rxd3 {[%emt 0:00:01]} e4 {[%emt 0:00:01]} 35. Rd4 {[%emt 0:00:01]} h6 {[%emt 0:00:01]} 36. Nd2 {[%emt 0:00:01]} Rf5 {[%emt 0:00:01]} 37. Nxe4 {[%emt 0:00:01]} Rxh5 {[%emt 0:00:00]} 38. g4 {[%emt 0:00:00]} Re5 {[%emt 0:00:00]} 39. f4 {[%emt 0:00:00]} Re8 {[%emt 0:00:01]} 40. f5 {[%emt 0:00:00]} d5 {[%emt 0:00:01]} 41. Nd6 {[%emt 0:00:00]} Re1+ {[%emt 0:00:00]} 42. Kf2 {[%emt 0:00:01]} Rc1 {[%emt 0:00:01]} 43. Rd3 {[%emt 0:00:01]} Rc2+ {[%emt 0:00:00]} 44. Kf1 {[%emt 0:00:00]} Ra2 {[%emt 0:00:00]} 45. Ne8 {[%emt 0:00:01]} Ra4 {[%emt 0:00:01]} 46. f6 {[%emt 0:00:01]} Rf4+ {[%emt 0:00:00]} 47. Kg2 {[%emt 0:00:01]} gxf6 {[%emt 0:00:00]} 48. Kg3 {[%emt 0:00:00]} Rf1 {[%emt 0:00:00]} 49. Rxd5 {[%emt 0:00:01] .} Kh8 {[%emt 0:00:00]} 0-1

[Event "Test Tournament"]
[Site "Emanuel Lasker Arena"]
[Date "2024.04.09"]
[Round "1"]
[White "Swindler"]
[Black "Botany"]
[Result "1-0"]
[WhiteElo "2226"]
[BlackElo "1553"]
[Annotator "RC"]
[PlyCount "59"]
[EventDate "2024.04.09"]
[EventType "swiss (blitz)"]

1. e4 {[%emt 0:00:01]} c6 {[%emt 0:00:01]} 2. d4 {[%emt 0:00:01]} d5 {[%emt 0:00:01]} 3. e5 {[%emt 0:00:01]} Bf5 {[%emt 0:00:02]} 4. g4 {[%emt 0:00:01]} Be4 {[%emt 0:00:01]} 5. f3 {[%emt 0:00:01]} Bg6 {[%emt 0:00:06]} 6. h4 {[%emt 0:00:01]} Qa5+ {[%emt 0:00:01]} 7. Bd2 {[%emt 0:00:01]} Qb6 {[%emt 0:00:02]} 8. h5 {[%emt 0:00:04]} Qxb2 {[%emt 0:00:01]} 9. Bc3 {[%emt 0:00:04]} Qxc2 {[%emt 0:00:01]} 10. hxg6 {[%emt 0:00:01]} Qxg6 {[%emt 0:00:01]} 11. Bd3 {[%emt 0:00:04]} f5 {[%emt 0:00:04]} 12. gxf5 {[%emt 0:00:03]} Qg2 {[%emt 0:00:04]} 13. Rh5 {[%emt 0:00:03]} Qxg1+ {[%emt 0:00:01]} 14. Bf1 {[%emt 0:00:01]} Na6 {[%emt 0:00:06]} 15. Qb3 {[%emt 0:00:05]} O-O-O {[%emt 0:00:02]} 16. Nd2 {[%emt 0:00:02]} e6 {[%emt 0:00:03]} 17. Rb1 {[%emt 0:00:01]} Rd7 {[%emt 0:00:02]} 18. fxe6 {[%emt 0:00:01]} Re7 {[%emt 0:00:02]} 19. Ba5 {[%emt 0:00:02]} b6 {[%emt 0:00:02]} 20. Rc1 {[%emt 0:00:02]} bxa5 {[%emt 0:00:01]} 21. Rxc6+ {[%emt 0:00:01]} Rc7 {[%emt 0:00:01]} 22. Rg5 {[%emt 0:00:01]} Qh1 {[%emt 0:00:01]} 23. Qxd5 {[%emt 0:00:01]} Be7 {[%emt 0:00:01]} 24. Nc4 {[%emt 0:00:01]} Bxg5 {[%emt 0:00:01]} 25. Qd7+ {[%emt 0:00:01]} Kb7 {[%emt 0:00:01]} 26. Nd6+ {[%emt 0:00:02]} Ka8 {[%emt 0:00:01]} 27. Qe8+ {[%emt 0:00:01]} Nb8 {[%emt 0:00:00]} 28. Rxc7 {[%emt 0:00:01]} Qxf3 {[%emt 0:00:01]} 29. Qxb8+ {[%emt 0:00:01]} Kxb8 {[%emt 0:00:01]} 30. Rc8# {[%emt 0:00:01] (Lag: Av=0.06s, max=0.2s)} 1-0

[Event "Test Tournament"]
[Site "Emanuel Lasker Arena"]
[Date "2024.04.09"]
[Round "1"]
[White "Swindler"]
[Black "Josha Matin"]
[Result "*"]
[WhiteElo "2226"]
[BlackElo "2219"]
[Annotator "RC"]
[PlyCount "66"]
[EventDate "2024.04.09"]
[EventType "swiss (blitz)"]

{Swindler resigns Josha Matin resigns} 1. e4 {[%emt 0:00:01]} e5 {[%emt 0:00:01]} 2. Nf3 {[%emt 0:00:01]} Nc6 {[%emt 0:00:01]} 3. Bb5 {[%emt 0:00:01]} a6 {[%emt 0:00:01]} 4. Ba4 {[%emt 0:00:01]} d6 {[%emt 0:00:01]} 5. c3 {[%emt 0:00:01]} Bd7 {[%emt 0:00:01]} 6. d4 {[%emt 0:00:01]} g6 {[%emt 0:00:01]} 7. O-O {[%emt 0:00:01]} Bg7 {[%emt 0:00:01]} 8. Bg5 {[%emt 0:00:01]} f6 {[%emt 0:00:01]} 9. Be3 {[%emt 0:00:01]} Nh6 {[%emt 0:00:01]} 10. h3 {[%emt 0:00:04]} Nf7 {[%emt 0:00:01]} 11. Nbd2 {[%emt 0:00:01]} O-O {[%emt 0:00:01]} 12. Re1 {[%emt 0:00:01]} f5 {[%emt 0:00:01]} 13. dxe5 {[%emt 0:00:01]} dxe5 {[%emt 0:00:01]} 14. Bb3 {[%emt 0:00:02]} Na5 {[%emt 0:00:02]} 15. Bg5 {[%emt 0:00:03]} Qe8 {[%emt 0:00:05]} 16. exf5 {[%emt 0:00:03]} Bxf5 {[%emt 0:00:01]} 17. Ne4 {[%emt 0:00:03]} Nxb3 {[%emt 0:00:01]} 18. Qxb3 {[%emt 0:00:01]} Qc6 {[%emt 0:00:04]} 19. Ng3 {[%emt 0:00:03]} Bxh3 {[%emt 0:00:03]} 20. Be7 {[%emt 0:00:03]} Be6 {[%emt 0:00:03]} 21. Nd4 {[%emt 0:00:03]} Bxb3 {[%emt 0:00:01]} 22. Nxc6 {[%emt 0:00:01]} Rfe8 {[%emt 0:00:03]} 23. axb3 {[%emt 0:00:01]} bxc6 {[%emt 0:00:01]} 24. Bc5 {[%emt 0:00:02]} h5 {[%emt 0:00:02]} 25. Ra5 {[%emt 0:00:02]} h4 {[%emt 0:00:02]} 26. Ne4 {[%emt 0:00:02]} Red8 {[%emt 0:00:02]} 27. Be7 {[%emt 0:00:02]} Rd5 {[%emt 0:00:02]} 28. Nc5 {[%emt 0:00:01]} Bf8 {[%emt 0:00:02]} 29. Bxf8 {[%emt 0:00:01]} Rxf8 {[%emt 0:00:01]} 30. g4 {[%emt 0:00:02]} Ng5 {[%emt 0:00:02]} 31. c4 {[%emt 0:00:01]} Rd2 {[%emt 0:00:02]} 32. Ne4 {[%emt 0:00:01]} Nf3+ {[%emt 0:00:01]} 33. Kf1 {[%emt 0:00:01]} Rxb2 {[%emt 0:00:01]} *

[Event "Test Tournament"]
[Site "Emanuel Lasker Arena"]
[Date "2024.04.09"]
[Round "1"]
[White "Swindler"]
[Black "Sunset"]
[Result "1-0"]
[WhiteElo "2226"]
[BlackElo "1878"]
[Annotator "RC"]
[PlyCount "93"]
[EventDate "2024.04.09"]
[EventType "swiss (blitz)"]

1. e4 {[%emt 0:00:01]} e5 {[%emt 0:00:01]} 2. Nf3 {[%emt 0:00:01]} Nc6 {[%emt 0:00:01]} 3. Bb5 {[%emt 0:00:01]} a6 {[%emt 0:00:01]} 4. Ba4 {[%emt 0:00:01]} Nf6 {[%emt 0:00:01]} 5. O-O {[%emt 0:00:01]} b5 {[%emt 0:00:01]} 6. Bb3 {[%emt 0:00:01]} Bc5 {[%emt 0:00:01]} 7. c3 {[%emt 0:00:01]} d6 {[%emt 0:00:01]} 8. d3 {[%emt 0:00:01]} O-O {[%emt 0:00:01]} 9. Nbd2 {[%emt 0:00:04]} Re8 {[%emt 0:00:02]} 10. Re1 {[%emt 0:00:01]} Be6 {[%emt 0:00:01]} 11. Nf1 {[%emt 0:00:01]} d5 {[%emt 0:00:01]} 12. Ng5 {[%emt 0:00:04]} Bg4 {[%emt 0:00:04]} 13. Qd2 {[%emt 0:00:01]} h6 {[%emt 0:00:01]} 14. h3 {[%emt 0:00:03]} Bh5 {[%emt 0:00:04]} 15. exd5 {[%emt 0:00:01]} Nxd5 {[%emt 0:00:01]} 16. Ng3 {[%emt 0:00:03]} Bg6 {[%emt 0:00:04]} 17. N3e4 {[%emt 0:00:03]} Nf4 {[%emt 0:00:03]} 18. Nxf7 {[%emt 0:00:03]} Bxf7 {[%emt 0:00:01]} 19. Bxf7+ {[%emt 0:00:01]} Kxf7 {[%emt 0:00:01]} 20. Nxc5 {[%emt 0:00:01]} Qd5 {[%emt 0:00:03]} 21. Ne4 {[%emt 0:00:01]} Nxd3 {[%emt 0:00:01]} 22. Nc5 {[%emt 0:00:03]} e4 {[%emt 0:00:03]} 23. Nxd3 {[%emt 0:00:01]} exd3 {[%emt 0:00:01]} 24. Qf4+ {[%emt 0:00:02]} Kg8 {[%emt 0:00:01]} 25. Bd2 {[%emt 0:00:02]} Re2 {[%emt 0:00:02]} 26. Be3 {[%emt 0:00:03]} d2 {[%emt 0:00:02]} 27. Red1 {[%emt 0:00:03]} Rf8 {[%emt 0:00:02]} 28. Qg4 {[%emt 0:00:02]} Rxe3 {[%emt 0:00:01]} 29. fxe3 {[%emt 0:00:01]} Ne5 {[%emt 0:00:02]} 30. Qd4 {[%emt 0:00:02]} Nf3+ {[%emt 0:00:02]} 31. gxf3 {[%emt 0:00:01]} Qxf3 {[%emt 0:00:01]} 32. Rxd2 {[%emt 0:00:01]} Qxh3 {[%emt 0:00:01]} 33. Rg2 {[%emt 0:00:01]} Rf7 {[%emt 0:00:01]} 34. Qd8+ {[%emt 0:00:01]} Rf8 {[%emt 0:00:01]} 35. Qe7 {[%emt 0:00:01]} g5 {[%emt 0:00:01]} 36. Rd1 {[%emt 0:00:01]} c5 {[%emt 0:00:01]} 37. Rd6 {[%emt 0:00:01]} Qf5 {[%emt 0:00:01]} 38. Qe6+ {[%emt 0:00:01]} Qxe6 {[%emt 0:00:00]} 39. Rxe6 {[%emt 0:00:00]} Kh7 {[%emt 0:00:01]} 40. Re7+ {[%emt 0:00:00]} Kg6 {[%emt 0:00:01]} 41. Re6+ {[%emt 0:00:01]} Kh5 {[%emt 0:00:00]} 42. e4 {[%emt 0:00:01]} Rd8 {[%emt 0:00:00]} 43. Kh2 {[%emt 0:00:01]} Rd2 {[%emt 0:00:00]} 44. Rxd2 {[%emt 0:00:01]} b4 {[%emt 0:00:00]} 45. Kg3 {[%emt 0:00:01]} c4 {[%emt 0:00:00]} 46. b3 {[%emt 0:00:00]} bxc3 {[%emt 0:00:00]} 47. Rh2# {[%emt 0:00:00] (Lag: Av=0.08s, max=0.6s)} 1-0

[Event "Test Tournament"]
[Site "Emanuel Lasker Arena"]
[Date "2024.04.09"]
[Round "1"]
[White "Beaujolais"]
[Black "Melancholia"]
[Result "1-0"]
[WhiteElo "2203"]
[BlackElo "1620"]
[Annotator "RC"]
[PlyCount "99"]
[EventDate "2024.04.09"]
[EventType "swiss (blitz)"]

1. d4 {[%emt 0:00:01]} d5 {[%emt 0:00:01]} 2. c4 {[%emt 0:00:01]} e6 {[%emt 0:00:01]} 3. Nc3 {[%emt 0:00:01]} c5 {[%emt 0:00:02]} 4. cxd5 {[%emt 0:00:01]} exd5 {[%emt 0:00:01]} 5. Nf3 {[%emt 0:00:01]} Nc6 {[%emt 0:00:01]} 6. g3 {[%emt 0:00:01]} Nf6 {[%emt 0:00:01]} 7. Bg2 {[%emt 0:00:01]} Bf5 {[%emt 0:00:01]} 8. Bg5 {[%emt 0:00:00]} Be7 {[%emt 0:00:02]} 9. O-O {[%emt 0:00:02]} O-O {[%emt 0:00:04]} 10. dxc5 {[%emt 0:00:04]} Bxc5 {[%emt 0:00:01]} 11. Bxf6 {[%emt 0:00:04]} Qxf6 {[%emt 0:00:01]} 12. Qxd5 {[%emt 0:00:01]} Bb4 {[%emt 0:00:04]} 13. Ne4 {[%emt 0:00:06]} Bxe4 {[%emt 0:00:04]} 14. Qxe4 {[%emt 0:00:01]} Qxb2 {[%emt 0:00:01]} 15. Ng5 {[%emt 0:00:03]} g6 {[%emt 0:00:03]} 16. Qh4 {[%emt 0:00:03]} h6 {[%emt 0:00:01]} 17. Qxh6 {[%emt 0:00:01]} Qh8 {[%emt 0:00:03]} 18. Qxh8+ {[%emt 0:00:00]} Kxh8 {[%emt 0:00:01]} 19. Rab1 {[%emt 0:00:02]} f6 {[%emt 0:00:03]} 20. Ne6 {[%emt 0:00:02]} Rfc8 {[%emt 0:00:03]} 21. Nf4 {[%emt 0:00:01]} a5 {[%emt 0:00:02]} 22. Nxg6+ {[%emt 0:00:01]} Kg7 {[%emt 0:00:01]} 23. Bxc6 {[%emt 0:00:02]} Rxc6 {[%emt 0:00:01]} 24. Nf4 {[%emt 0:00:02]} Rc2 {[%emt 0:00:02]} 25. a3 {[%emt 0:00:02]} Bxa3 {[%emt 0:00:01]} 26. Rxb7+ {[%emt 0:00:01]} Kg8 {[%emt 0:00:01]} 27. h4 {[%emt 0:00:02]} Rb2 {[%emt 0:00:02]} 28. Rd7 {[%emt 0:00:02]} Bb4 {[%emt 0:00:02]} 29. Nd5 {[%emt 0:00:01]} Rxe2 {[%emt 0:00:01]} 30. Nxf6+ {[%emt 0:00:01]} Kf8 {[%emt 0:00:01]} 31. Rfd1 {[%emt 0:00:01]} Be1 {[%emt 0:00:02]} 32. Nh7+ {[%emt 0:00:01]} Ke8 {[%emt 0:00:01]} 33. Kf1 {[%emt 0:00:01]} Re7 {[%emt 0:00:01]} 34. Rxe7+ {[%emt 0:00:01]} Kxe7 {[%emt 0:00:00]} 35. Rxe1+ {[%emt 0:00:00]} Kf7 {[%emt 0:00:01]} 36. Kg2 {[%emt 0:00:01]} a4 {[%emt 0:00:01]} 37. Ng5+ {[%emt 0:00:01]} Kg8 {[%emt 0:00:01]} 38. Re6 {[%emt 0:00:00]} a3 {[%emt 0:00:00]} 39. Rg6+ {[%emt 0:00:00]} Kh8 {[%emt 0:00:00]} 40. Nf7+ {[%emt 0:00:00]} Kh7 {[%emt 0:00:00]} 41. Rc6 {[%emt 0:00:00]} a2 {[%emt 0:00:00]} 42. Rc1 {[%emt 0:00:00]} a1=R {[%emt 0:00:00]} 43. Rc7 {[%emt 0:00:00]} R8a6 {[%emt 0:00:01]} 44. Ne5+ {[%emt 0:00:00]} Kg8 {[%emt 0:00:00]} 45. g4 {[%emt 0:00:00]} Re1 {[%emt 0:00:01]} 46. Nd3 {[%emt 0:00:00]} Rb1 {[%emt 0:00:01]} 47. h5 {[%emt 0:00:00]} Rd6 {[%emt 0:00:01]} 48. Ne5 {[%emt 0:00:00]} Re1 {[%emt 0:00:01]} 49. f4 {[%emt 0:00:00]} Ra6 {[%emt 0:00:01] '} 50. Kg3 {[%emt 0:00:00] (Lag: Av=0.07s, max=0.8s)} 1-0

[Event "Test Tournament"]
[Site "Emanuel Lasker Arena"]
[Date "2024.04.09"]
[Round "1"]
[White "Beaujolais"]
[Black "Lord Grantham"]
[Result "*"]
[WhiteElo "2200"]
[BlackElo "1766"]
[PlyCount "56"]
[EventDate "2024.04.09"]
[EventType "swiss (blitz)"]

{Beaujolais resigns Lord Grantham resigns} 1. c4 {[%emt 0:00:01]} Nc6 {[%emt 0:00:01]} 2. Nc3 {[%emt 0:00:00]} Nf6 {[%emt 0:00:01]} 3. d4 {[%emt 0:00:01]} e5 {[%emt 0:00:01]} 4. Nf3 {[%emt 0:00:01]} e4 {[%emt 0:00:01]} 5. Nd2 {[%emt 0:00:00]} Bb4 {[%emt 0:00:01]} 6. e3 {[%emt 0:00:01]} Bxc3 {[%emt 0:00:01]} 7. bxc3 {[%emt 0:00:01]} d6 {[%emt 0:00:02]} 8. Ba3 {[%emt 0:00:01]} Bg4 {[%emt 0:00:04]} 9. Qb1 {[%emt 0:00:05]} O-O {[%emt 0:00:04]} 10. Qxb7 {[%emt 0:00:01]} Na5 {[%emt 0:00:04]} 11. Qb1 {[%emt 0:00:04]} Rb8 {[%emt 0:00:07]} 12. Qc2 {[%emt 0:00:01]} Qe7 {[%emt 0:00:03]} 13. Qa4 {[%emt 0:00:04]} c5 {[%emt 0:00:15]} 14. Qxa5 {[%emt 0:00:01]} Rb7 {[%emt 0:00:01]} 15. h3 {[%emt 0:00:01]} Bf5 {[%emt 0:00:01]} 16. dxc5 {[%emt 0:00:01]} dxc5 {[%emt 0:00:01]} 17. Qxc5 {[%emt 0:00:01]} Qxc5 {[%emt 0:00:01]} 18. Bxc5 {[%emt 0:00:00]} Rc8 {[%emt 0:00:02]} 19. Nb3 {[%emt 0:00:01]} a5 {[%emt 0:00:01]} 20. Bd4 {[%emt 0:00:02]} a4 {[%emt 0:00:01]} 21. g4 {[%emt 0:00:09]} Bg6 {[%emt 0:00:01]} 22. Nc5 {[%emt 0:00:02]} Rb2 {[%emt 0:00:01]} 23. Nxa4 {[%emt 0:00:01]} Rc2 {[%emt 0:00:01]} 24. Nb6 {[%emt 0:00:02]} Rc6 {[%emt 0:00:01]} 25. c5 {[%emt 0:00:02]} h5 {[%emt 0:00:01]} 26. Bb5 {[%emt 0:00:01]} Rc7 {[%emt 0:00:01]} 27. c6 {[%emt 0:00:01]} hxg4 {[%emt 0:00:00]} 28. Bxf6 {[%emt 0:00:01]} gxf6 {[%emt 0:00:00]} *

[Event "Test Tournament"]
[Site "Emanuel Lasker Arena"]
[Date "2024.04.09"]
[Round "1"]
[White "Beaujolais"]
[Black "Roberta Draper"]
[Result "1-0"]
[WhiteElo "2200"]
[BlackElo "1620"]
[Annotator "RC"]
[PlyCount "107"]
[EventDate "2024.04.09"]
[EventType "swiss (blitz)"]

1. e4 {[%emt 0:00:01]} e5 {[%emt 0:00:01]} 2. Nf3 {[%emt 0:00:01]} Nc6 {[%emt 0:00:01]} 3. Bb5 {[%emt 0:00:01]} a6 {[%emt 0:00:01]} 4. Ba4 {[%emt 0:00:01]} Nf6 {[%emt 0:00:01]} 5. O-O {[%emt 0:00:01]} Be7 {[%emt 0:00:01]} 6. Re1 {[%emt 0:00:01]} b5 {[%emt 0:00:01]} 7. Bb3 {[%emt 0:00:01]} O-O {[%emt 0:00:01]} 8. c3 {[%emt 0:00:01]} d5 {[%emt 0:00:01]} 9. exd5 {[%emt 0:00:01]} Nxd5 {[%emt 0:00:01]} 10. Nxe5 {[%emt 0:00:01]} Nxe5 {[%emt 0:00:01]} 11. Rxe5 {[%emt 0:00:00]} c6 {[%emt 0:00:01]} 12. d3 {[%emt 0:00:01]} Bd6 {[%emt 0:00:01]} 13. Re1 {[%emt 0:00:01]} Bf5 {[%emt 0:00:01]} 14. Qf3 {[%emt 0:00:01]} Qh4 {[%emt 0:00:01]} 15. g3 {[%emt 0:00:01]} Qh3 {[%emt 0:00:01]} 16. Nd2 {[%emt 0:00:01]} Rae8 {[%emt 0:00:00]} 17. Ne4 {[%emt 0:00:00]} Bg4 {[%emt 0:00:01]} 18. Qg2 {[%emt 0:00:01]} Qh5 {[%emt 0:00:01]} 19. Bd2 {[%emt 0:00:01]} Bc7 {[%emt 0:00:02]} 20. Bd1 {[%emt 0:00:01]} f5 {[%emt 0:00:06]} 21. Bxg4 {[%emt 0:00:01]} Qxg4 {[%emt 0:00:01]} 22. Nc5 {[%emt 0:00:04]} h5 {[%emt 0:00:03]} 23. Ne6 {[%emt 0:00:02]} h4 {[%emt 0:00:03]} 24. h3 {[%emt 0:00:01]} Qg6 {[%emt 0:00:03]} 25. Nxf8 {[%emt 0:00:01]} Rxf8 {[%emt 0:00:01]} 26. c4 {[%emt 0:00:03]} f4 {[%emt 0:00:00]} 27. Qe4 {[%emt 0:00:06]} Qf7 {[%emt 0:00:03]} 28. g4 {[%emt 0:00:02]} Bd6 {[%emt 0:00:02]} 29. cxd5 {[%emt 0:00:01]} cxd5 {[%emt 0:00:01]} 30. Qe6 {[%emt 0:00:02]} f3 {[%emt 0:00:02]} 31. Qxd6 {[%emt 0:00:02]} a5 {[%emt 0:00:02]} 32. Re7 {[%emt 0:00:02]} Qf6 {[%emt 0:00:03]} 33. Qxf6 {[%emt 0:00:01]} Rxf6 {[%emt 0:00:01]} 34. Kh2 {[%emt 0:00:02]} a4 {[%emt 0:00:02]} 35. Rg1 {[%emt 0:00:01]} Rc6 {[%emt 0:00:01]} 36. Be3 {[%emt 0:00:01]} Rc2 {[%emt 0:00:02]} 37. Rd7 {[%emt 0:00:01]} a3 {[%emt 0:00:01]} 38. bxa3 {[%emt 0:00:01]} d4 {[%emt 0:00:01]} 39. Bxd4 {[%emt 0:00:01]} Re2 {[%emt 0:00:01]} 40. Rxg7+ {[%emt 0:00:01]} Kf8 {[%emt 0:00:00]} 41. Rb7 {[%emt 0:00:01]} Rxa2 {[%emt 0:00:01]} 42. Rxb5 {[%emt 0:00:01]} Rxa3 {[%emt 0:00:01]} 43. Bc5+ {[%emt 0:00:02]} Kf7 {[%emt 0:00:00]} 44. Bxa3 {[%emt 0:00:01]} Kg6 {[%emt 0:00:00]} 45. Rb6+ {[%emt 0:00:01]} Kg7 {[%emt 0:00:00]} 46. Kh1 {[%emt 0:00:01]} Kf7 {[%emt 0:00:00]} 47. Rh6 {[%emt 0:00:00]} Kg7 {[%emt 0:00:00]} 48. Rxh4 {[%emt 0:00:00]} Kg6 {[%emt 0:00:01]} 49. Rh8 {[%emt 0:00:00]} Kg7 {[%emt 0:00:00]} 50. Rc8 {[%emt 0:00:00]} Kf7 {[%emt 0:00:00]} 51. Bd6 {[%emt 0:00:00]} Ke6 {[%emt 0:00:00]} 52. Bf4 {[%emt 0:00:00]} Kd7 {[%emt 0:00:00]} 53. Rc7+ {[%emt 0:00:00]} Ke6 {[%emt 0:00:01] '} 54. Rg3 {[%emt 0:00:00] (Lag: Av=0.19s, max=6.7s)} 1-0

[Event "Test Tournament"]
[Site "Emanuel Lasker Arena"]
[Date "2024.04.02"]
[Round "1"]
[White "Chartwell"]
[Black "Thomas Kydd"]
[Result "0-1"]
[WhiteElo "2178"]
[BlackElo "2473"]
[Annotator "TA"]
[PlyCount "44"]
[EventDate "2024.04.02"]
[EventType "swiss (blitz)"]

{[%evp 9,44,21,29,8,43,19,10,10,13,0,23,11,6,-29,25,23,48,-53,0,0,25,-195,97,25,68,-38,-35,-36,-39,-214,-157,-29998,-228,-1510,0,-29998,-29999]} 1. d4 {[%emt 0:00:01]} f5 {[%emt 0:00:01]} 2. Bg5 {[%emt 0:00:01]} g6 {[%emt 0:00:01]} 3. Nc3 {[%emt 0:00:01]} Bg7 {[%emt 0:00:01]} 4. e4 {[%emt 0:00:01]} fxe4 {[%emt 0:00:01]} 5. Nxe4 {[%emt 0:00:01]} d5 {[%emt 0:00:01]} 6. Nc3 {[%emt 0:00:01]} Nf6 {[%emt 0:00:01]} 7. Nf3 {[%emt 0:00:01]} Nc6 {[%emt 0:00:01]} 8. Bb5 {[%emt 0:00:01] The position is equal.} Qd6 {[%emt 0:00:01]} 9. O-O {[%emt 0:00:01]} Bg4 {[%emt 0:00:01]} 10. Re1 {[%emt 0:00:01]} O-O {[%emt 0:00:01]} 11. Bxc6 {[%emt 0:00:00]} Qxc6 {[%emt 0:00:00]} (11... bxc6 $142 12. Re3 Bxf3 13. Rxf3 e5) 12. Rxe7 $11 {[%emt 0:00:02]} Qd6 {[%emt 0:00:02] Dodges Ne5} 13. Bxf6 {[%emt 0:00:02]} (13. Qe2 $14) 13... Bxf6 {[%emt 0:00:01]} (13... Rxf6 $15 14. Qe2 Bxf3 15. gxf3 Bf8) 14. Re3 {[%emt 0:00:01]} Bg5 {[%emt 0:00:07] A strong pair of Bishops.} 15. Nb5 $2 {[%emt 0:00:01] [#]} (15. Re5 $1 $11 Bxf3 16. gxf3) 15... Qf4 $2 {[%emt 0:00:01]} (15... Qd7 $19 16. Ne5 Bxe3 (16... Qxb5 $2 17. Nxg4 Bxe3 18. Nxe3 $19) (16... Bxd1 17. Nxd7 Bxe3 18. fxe3 $16) 17. Nxd7 Bxf2+ (17... Bxd1 18. fxe3 Rfd8 19. Nf6+ Kf7 20. Nxc7 $16) 18. Kh1 Bxd1 19. Nxf8 Bg4 (19... Bxc2 20. Ne6 $17)) 16. Qd3 {[%emt 0:00:01]} (16. Qe1 $16) 16... a6 {[%emt 0:00:02]} 17. Nxg5 {[%emt 0:00:00]} (17. Nxc7 Bxf3 18. Nxa8 Be4 $19) (17. Nc3 $1 $14 Bh6 18. Nxd5) 17... Qxf2+ $15 {[%emt 0:00:00]} 18. Kh1 {[%emt 0:00:01]} axb5 {[%emt 0:00:01]} 19. Re7 $2 {[%emt 0:00:02]} ({White should try} 19. h3 $1 $15 Bf5 20. Qe2 Qxe2 (20... Bxc2 21. Rc1 $11) 21. Rxe2) 19... Rae8 $40 {[%emt 0:00:02][%mdl 128] Black goes for the king.} 20. Qa3 {[%emt 0:00:02]} (20. Rxe8 $17 Rxe8 21. Qf1) 20... Qxd4 $2 {[%emt 0:00:01]} (20... Qf1+ {mates} 21. Rxf1 Rxf1#) 21. Rxc7 $2 {[%emt 0:00:01]} (21. Rxe8 Rxe8 22. h3) 21... Qf2 $2 {[%emt 0:00:02]} (21... Bd1 $19 {[%cal Re8e1]} 22. Qxf8+ Rxf8) 22. Qc3 {[%emt 0:00:01][%mdl 8192] [#] Dodges Re1+} (22. Nxh7 $2 {is a self mate.} Re1+ 23. Rxe1 Qxe1#) (22. h3 $11 Re3 23. Qd6 Bxh3 24. Qxd5+ (24. Nxh3 Rxh3+ 25. gxh3 Qf3+ 26. Kg1 Qe3+ 27. Kh1 Qxh3+ 28. Qh2 Rf1+ 29. Rxf1 Qxf1+ 30. Qg1 Qh3+ 31. Qh2 Qf1+ 32. Qg1 Qh3+ 33. Qh2 Qf1+ $11) (24. gxh3 Re1+ 25. Rxe1 Qxe1+ 26. Kg2 Qe2+ 27. Kg3 Qf2+ 28. Kg4 h5#) 24... Be6 25. Nxe6 Re1+ (25... Qh4+ 26. Kg1 $11) 26. Rxe1 Qxe1+ 27. Kh2 Qh4+ 28. Kg1 Qe1+ 29. Kh2 Qh4+ 30. Kg1 Qe1+ 31. Kh2) 22... Qf1+ $3 {[%emt 0:00:01][%mdl 512] Weighted Error Value: White=1.39/Black=1.07.  Loses game:     	White=4     	---        Missed win:     	---       	Black=1      Mistake:       	White=4     	Black=3      Inaccurate:     	White=1     	Black=2      OK:         	White=2     	Black=3      Best:        	White=2     	Black=1} 0-1